[Event "ch-European Rapid 2013"]
[Site "Warsaw POL"]
[Date "2013.12.14"]
[Round "7.9"]
[White "Wojtaszek, Radoslaw"]
[Black "Duda, Jan-Krzysztof"]
[Result "1-0"]
[WhiteTitle "GM"]
[BlackTitle "GM"]
[WhiteElo "2711"]
[BlackElo "2557"]
[WhiteFideId "1118358"]
[BlackFideId "1170546"]
[EventDate "2013.12.14"]

1. d4 Nf6 2. c4 e6 3. Nf3 b6 4. g3 Bb7 5. Bg2 Be7 6. O-O O-O 7. Re1 Na6 8. Nc3
Ne4 9. Nxe4 Bxe4 10. Ne5 Bxg2 11. Kxg2 Bf6 12. Nf3 c5 13. d5 exd5 14. cxd5 d6
15. e4 Re8 16. Rb1 Qd7 17. Bf4 Rad8 18. h4 h6 19. b3 Nc7 20. Qd3 b5 21. Rbd1 a5
22. Qc2 Na6 23. Qd2 Qc7 24. Rc1 Qb7 25. Nh2 Qd7 26. f3 Bd4 27. g4 a4 28. bxa4 b4
29. Qc2 Bc3 30. Red1 Qe7 31. Bg3 Be5 32. Bxe5 Qxe5 33. Nf1 h5 34. g5 Qf4 35. Qd2
Qxd2+ 36. Nxd2 f6 37. Nc4 Kf7 38. Kg3 Re7 39. Kf4 Nb8 40. Rd2 Ra7 41. a5 Ra6 42.
gxf6 gxf6 43. Rg1 Rh8 44. Rdg2 Rh7 45. Kf5 Nd7 46. f4 Nf8 47. Rg3 Nd7 48. R1g2
Nf8 49. a3 bxa3 50. Rxa3 Rh6 51. Rag3 1-0

[Event "ch-European Rapid 2013"]
[Site "Warsaw POL"]
[Date "2013.12.14"]
[Round "7.10"]
[White "Jobava, Baadur"]
[Black "Drozdowski, Kacper"]
[Result "1-0"]
[WhiteTitle "GM"]
[BlackTitle "IM"]
[WhiteElo "2705"]
[BlackElo "2463"]
[WhiteFideId "13601520"]
[BlackFideId "1136720"]
[EventDate "2013.12.14"]

1. b3 e5 2. Bb2 Nc6 3. e3 Nf6 4. Bb5 d6 5. Bxc6+ bxc6 6. Ne2 Be7 7. O-O Bg4 8.
h3 Bh5 9. Qe1 O-O 10. d4 exd4 11. Nxd4 Qd7 12. Nc3 Bg6 13. Rc1 Rfe8 14. Nde2 d5
15. Nf4 Bd6 16. Nxg6 hxg6 17. Ne2 Ne4 18. c4 Ng5 19. cxd5 cxd5 20. Qc3 Be5 21.
Qc2 Bxb2 22. Qxb2 Re4 23. Rfd1 Rae8 24. Nf4 c6 25. Qc3 Ne6 26. Qxc6 Qxc6 27.
Rxc6 Nxf4 28. exf4 Rxf4 29. Kf1 Rfe4 30. Rd6 Re2 31. Rd8 Rxf2+ 32. Kxf2 Rxd8 33.
Rc1 Rd6 34. Rc8+ Kh7 35. Ke3 g5 36. Kd4 g4 37. hxg4 Rg6 38. Rc2 Rxg4+ 39. Kxd5
a5 40. Kc5 Kh6 41. a3 Rg3 42. Rb2 a4 43. bxa4 Rxa3 44. Kb5 f5 45. a5 Re3 46. a6
Re8 47. a7 Kg5 48. Kc6 Kg4 49. Rb8 Re6+ 50. Kd5 Ra6 51. a8=Q Rxa8 52. Rxa8 Kg3
53. Ke5 g6 54. Rg8 1-0

[Event "ch-European Rapid 2013"]
[Site "Warsaw POL"]
[Date "2013.12.14"]
[Round "7.11"]
[White "Azarov, Sergei"]
[Black "Druska, Juraj"]
[Result "1-0"]
[WhiteTitle "GM"]
[BlackTitle "FM"]
[WhiteElo "2616"]
[BlackElo "2370"]
[WhiteFideId "13501470"]
[BlackFideId "14915650"]
[EventDate "2013.12.14"]

1. e4 c5 2. Nf3 Nc6 3. d4 cxd4 4. Nxd4 g6 5. c4 Bg7 6. Be3 Nf6 7. Nc3 d6 8. Be2
O-O 9. O-O Nxd4 10. Bxd4 Bd7 11. Qd3 a5 12. Rad1 Bc6 13. Kh1 Nd7 14. Bxg7 Kxg7
15. f4 Qb6 16. Rd2 a4 17. Bg4 Nc5 18. Qd4+ Kg8 19. Nd5 Bxd5 20. exd5 Qb4 21. a3
Qa5 22. Re2 Rae8 23. f5 b5 24. h4 bxc4 25. h5 gxf5 26. h6 f6 27. Rxf5 Kh8 28.
Rxf6 1-0

[Event "ch-European Rapid 2013"]
[Site "Warsaw POL"]
[Date "2013.12.14"]
[Round "7.12"]
[White "Zwardon, Vojtech"]
[Black "Lysyj, Igor"]
[Result "0-1"]
[WhiteTitle "IM"]
[BlackTitle "GM"]
[WhiteElo "2383"]
[BlackElo "2666"]
[WhiteFideId "325511"]
[BlackFideId "4150120"]
[EventDate "2013.12.14"]

1. e4 e5 2. Nf3 Nc6 3. Bc4 Bc5 4. c3 Nf6 5. d4 exd4 6. cxd4 Bb4+ 7. Bd2 Nxe4 8.
Bxb4 Nxb4 9. Bxf7+ Kxf7 10. Qb3+ Kf8 11. Qxb4+ Qe7 12. Qxe7+ Kxe7 13. Nbd2 Nf6
14. Rc1 Kd8 15. O-O d6 16. Rfe1 Rf8 17. h3 h6 18. Nc4 Nd5 19. Nfd2 Nb4 20. Rc3
Bf5 21. Ne3 Bh7 22. Nec4 Nc2 23. Rc1 Nxd4 24. Kf1 Kd7 25. Na5 c5 26. Rg3 Rf7 27.
Nxb7 Rb8 28. Nxc5+ dxc5 29. Rxc5 Rb5 30. Rc4 Rd5 31. Ra4 Nc6 32. Nf3 Rd1+ 33.
Ke2 Rb1 34. b3 Re7+ 35. Kd2 Rb2+ 36. Kd1 Rb1+ 37. Kd2 Rb2+ 38. Kd1 Rxf2 39. Rgg4
Rf1+ 40. Kd2 Rf2+ 41. Kd1 a5 42. Nd4 Ne5 43. Rg3 Nd3 0-1

[Event "ch-European Rapid 2013"]
[Site "Warsaw POL"]
[Date "2013.12.14"]
[Round "7.13"]
[White "Miton, Kamil"]
[Black "Berzinsh, Roland"]
[Result "0-1"]
[WhiteTitle "GM"]
[BlackTitle "IM"]
[WhiteElo "2591"]
[BlackElo "2421"]
[WhiteFideId "1111914"]
[BlackFideId "11600357"]
[EventDate "2013.12.14"]

1. d4 d5 2. c4 dxc4 3. e4 Nc6 4. Nf3 Bg4 5. d5 Ne5 6. Bf4 Ng6 7. Be3 e5 8. Bxc4
Nf6 9. Nc3 a6 10. Be2 Bd6 11. O-O O-O 12. Nd2 Bd7 13. Rc1 Nf4 14. Bf3 g5 15. Nc4
Kh8 16. a3 Rg8 17. b4 Qe7 18. Qc2 Rg6 19. Bc5 Rag8 20. Rfe1 g4 21. Bd1 Rh6 22.
g3 Ne8 23. Be3 Qg5 24. gxf4 exf4 25. Bd4+ f6 26. Nxd6 cxd6 27. Qd2 Rxh2 28. Ne2
Qh4 0-1

[Event "ch-European Rapid 2013"]
[Site "Warsaw POL"]
[Date "2013.12.14"]
[Round "7.14"]
[White "Jussupow, Artur"]
[Black "Tregubov, Vadim"]
[Result "1/2-1/2"]
[WhiteTitle "GM"]
[WhiteElo "2583"]
[BlackElo "2371"]
[WhiteFideId "4618777"]
[BlackFideId "14119595"]
[EventDate "2013.12.14"]

1. d4 Nf6 2. Nf3 g6 3. c4 Bg7 4. Nc3 d5 5. e3 O-O 6. Qb3 dxc4 7. Bxc4 Nc6 8. Bb5
Be6 9. Qa4 Bd7 10. d5 a6 11. Bxc6 bxc6 12. dxc6 Be8 13. e4 Qd6 14. e5 Qe6 15.
O-O Nd5 16. Qh4 h5 17. Nxd5 Qxd5 18. Bg5 f6 19. exf6 exf6 20. Be3 Bxc6 21. Rac1
Bb5 22. Rfd1 Qxa2 23. Nd4 Be8 24. Rxc7 Bf7 25. Nc6 Kh8 26. g4 Rac8 27. gxh5 gxh5
28. Rxc8 Rxc8 29. Nd8 Bg6 30. Qd4 Rc4 31. Qd5 Rg4+ 32. Kf1 Qxb2 33. h3 Re4 34.
Ne6 Qb5+ 35. Qxb5 axb5 36. Rd8+ Kh7 37. Nd4 b4 38. Rd7 f5 39. Nc6 b3 40. Bd4
Rxd4 41. Nxd4 b2 42. Rb7 f4 43. Rxb2 Bxd4 44. Rb4 Be5 45. Kg2 Kg7 46. Rb6 Be4+
47. f3 Bf5 48. Ra6 Bf6 49. Ra5 Kg6 50. Rb5 1/2-1/2

[Event "ch-European Rapid 2013"]
[Site "Warsaw POL"]
[Date "2013.12.14"]
[Round "7.15"]
[White "Meribanov, Vitaly"]
[Black "Krasenkow, Michal"]
[Result "0-1"]
[WhiteTitle "IM"]
[BlackTitle "GM"]
[WhiteElo "2412"]
[BlackElo "2633"]
[WhiteFideId "13504363"]
[BlackFideId "1113100"]
[EventDate "2013.12.14"]

1. e4 g6 2. d4 Bg7 3. Nc3 c6 4. Nf3 d6 5. Be3 Nf6 6. h3 O-O 7. a4 a5 8. Be2 Na6
9. O-O Nb4 10. Qd2 Qc7 11. Rac1 b6 12. Bh6 e5 13. dxe5 dxe5 14. Qg5 Re8 15. Nh4
Be6 16. Nf5 Bxf5 17. exf5 Nbd5 18. fxg6 hxg6 19. Bc4 Nf4 20. Qh4 Rad8 21. Rcd1
Bxh6 22. Qxh6 Rd4 23. Bb3 Qd7 24. Rxd4 Qxd4 25. Rd1 Qc5 26. g3 N4d5 27. Re1 e4
28. Nd1 Re5 29. Qd2 Nh7 30. h4 g5 31. Ne3 gxh4 32. Bxd5 cxd5 33. gxh4 d4 34. Ng4
Re6 35. Qf4 f5 36. Nh6+ Kh8 37. Nf7+ Kg7 38. Ng5 Nxg5 39. hxg5 Qe5 40. Qh4 f4
41. f3 e3 42. Re2 Rg6 43. Rg2 e2 44. Qe1 Qe3+ 45. Kh1 Re6 0-1

[Event "ch-European Rapid 2013"]
[Site "Warsaw POL"]
[Date "2013.12.14"]
[Round "7.16"]
[White "Neiksans, Arturs"]
[Black "Pinski, Jan"]
[Result "1/2-1/2"]
[WhiteTitle "GM"]
[BlackTitle "IM"]
[WhiteElo "2560"]
[BlackElo "2342"]
[WhiteFideId "11601388"]
[BlackFideId "1108441"]
[EventDate "2013.12.14"]

1. e4 e5 2. Nf3 Nc6 3. Bb5 a6 4. Ba4 Nf6 5. O-O Be7 6. d3 d6 7. c4 O-O 8. Nc3
Bg4 9. Bxc6 bxc6 10. h3 Bh5 11. Qe2 c5 12. Nd1 Nd7 13. g4 Bg6 14. Ne3 Nb8 15.
Nf5 Nc6 16. Ng3 Bh4 17. Be3 Rb8 18. Kg2 Nd4 19. Bxd4 cxd4 20. Nxh4 Qxh4 21. f4
exf4 22. Rxf4 Qg5 23. Raf1 Qa5 24. b3 Qg5 25. Qf2 c5 26. Ne2 Qd8 27. h4 f6 28.
h5 Bf7 29. h6 Bg6 30. Ng3 a5 31. hxg7 Kxg7 32. Nh5+ Bxh5 33. gxh5 Qd7 34. Qh4
Kh8 35. Kh2 Qe7 36. h6 Rf7 37. Rg1 Qe5 38. Kh1 Rbf8 39. Rf5 Qe6 40. Qg3 Re7 41.
Rg2 Qd7 42. Rxf6 Rfe8 43. Rxd6 Qc8 44. Rf6 Qd7 45. Qf3 Qd8 46. Kg1 a4 47. Qf5
Qc8 48. bxa4 Qb8 49. Rf7 Qb1+ 50. Kh2 Qb8+ 51. Kh1 Rxf7 52. Qxf7 Qe5 53. Rf2 Rg8
54. a5 Rg1+ 55. Kxg1 Qh2+ 56. Kf1 Qh1+ 57. Ke2 Qd1+ 1/2-1/2

[Event "ch-European Rapid 2013"]
[Site "Warsaw POL"]
[Date "2013.12.14"]
[Round "7.17"]
[White "Matuszewski, Michal"]
[Black "Antipov, Mikhail Al."]
[Result "1/2-1/2"]
[WhiteTitle "IM"]
[BlackTitle "GM"]
[WhiteElo "2408"]
[BlackElo "2511"]
[WhiteFideId "1129775"]
[BlackFideId "4107012"]
[EventDate "2013.12.14"]

1. d4 Nf6 2. c4 e6 3. Nc3 Bb4 4. e3 O-O 5. Ne2 d5 6. a3 Be7 7. Nf4 b6 8. Be2 Bb7
9. O-O dxc4 10. Bxc4 Nbd7 11. b4 e5 12. Nfd5 Bd6 13. Bb2 Nxd5 14. Bxd5 Bxd5 15.
Nxd5 e4 16. Rc1 Nf6 17. Nxf6+ Qxf6 18. Qg4 Qh6 19. g3 f5 20. Qe2 Qh3 21. d5 h5
22. f4 exf3 23. Rxf3 h4 24. Qg2 Qxg2+ 25. Kxg2 hxg3 26. hxg3 Rae8 27. Rcf1 Kh7
28. Rxf5 Rxf5 29. Rxf5 Rxe3 30. Rf3 Re2+ 31. Rf2 Re7 32. Kf3 Kg6 33. Rc2 Re1 34.
Bc1 Kf5 35. Bf4 Ra1 36. Rc3 g5 37. g4+ Kf6 38. Bxd6 cxd6 39. Ke4 Rf1 40. Re3 Kf7
41. Kd4 Rf4+ 42. Re4 Rf6 43. Kc4 a6 44. a4 Rh6 45. Kd4 b5 46. axb5 axb5 47. Ke3
Rh3+ 48. Kd2 Rb3 49. Kc2 Rf3 50. Kd2 1/2-1/2

[Event "ch-European Rapid 2013"]
[Site "Warsaw POL"]
[Date "2013.12.14"]
[Round "7.18"]
[White "Sadzikowski, Daniel"]
[Black "Kulaots, Kaido"]
[Result "0-1"]
[WhiteTitle "IM"]
[BlackTitle "GM"]
[WhiteElo "2470"]
[BlackElo "2558"]
[WhiteFideId "1132253"]
[BlackFideId "4500261"]
[EventDate "2013.12.14"]

1. e4 c5 2. Nf3 e6 3. g3 Nf6 4. Qe2 Be7 5. Bg2 d5 6. d3 Nc6 7. O-O O-O 8. Re1 b5
9. Nbd2 a5 10. e5 Nd7 11. h4 b4 12. Nf1 Ba6 13. h5 c4 14. d4 c3 15. Qe3 cxb2 16.
Bxb2 Nb6 17. Bc1 Nc4 18. Qf4 f6 19. exf6 Bxf6 20. Qg4 Bc8 21. Rxe6 Qd7 22. Bh3
Qf7 23. h6 g6 24. Bg5 Bxd4 25. Rae1 N6e5 26. Nxd4 Nxg4 27. f3 Bxe6 28. Rxe6 Qa7 0-1

[Event "ch-European Rapid 2013"]
[Site "Warsaw POL"]
[Date "2013.12.14"]
[Round "7.19"]
[White "Tregubov, Pavel V."]
[Black "Bartel, Michal"]
[Result "1-0"]
[WhiteTitle "GM"]
[BlackTitle "FM"]
[WhiteElo "2625"]
[BlackElo "2316"]
[WhiteFideId "4115341"]
[BlackFideId "1119257"]
[EventDate "2013.12.14"]

1. d4 d5 2. c4 dxc4 3. e3 e5 4. Bxc4 exd4 5. exd4 Nf6 6. Nf3 Be7 7. O-O O-O 8.
Ne5 Bf5 9. Nc3 Nbd7 10. Qf3 Bg6 11. Qxb7 Nxe5 12. dxe5 Ng4 13. Be2 Nxe5 14. Bf4
Bd6 15. Rad1 Qb8 16. Qb5 Re8 17. Bg3 a6 18. Qxb8 Raxb8 19. b3 a5 20. f4 Bb4 21.
Nd5 Nc6 22. Bc4 Bh5 23. Nxc7 Bxd1 24. Nxe8 Bxb3 25. Nf6+ gxf6 26. axb3 Rd8 27.
Bf2 Rd2 28. Be3 Rc2 29. Rc1 Rb2 30. Rd1 Rc2 31. Rc1 Rb2 32. h3 Kg7 33. Rd1 Rc2
34. Rd7 Ne7 35. Ra7 Rc3 36. Bd4 Rxc4 37. bxc4 Nc6 38. Bxf6+ Kxf6 39. Ra6 a4 40.
g4 a3 41. Rxc6+ Ke7 42. Ra6 Kd7 43. Kf1 Kc7 44. Ke2 Kb7 45. Ra4 Bd6 46. f5 Kb6
47. Kd3 1-0

[Event "ch-European Rapid 2013"]
[Site "Warsaw POL"]
[Date "2013.12.14"]
[Round "7.20"]
[White "Razin, Vadim"]
[Black "Maiorov, Nikita1"]
[Result "0-1"]
[BlackTitle "GM"]
[WhiteElo "2301"]
[BlackElo "2552"]
[WhiteFideId "14119463"]
[BlackFideId "13501720"]
[EventDate "2013.12.14"]

1. d4 Nf6 2. Nf3 e6 3. c4 b6 4. a3 Ba6 5. Qc2 Bb7 6. Nc3 c5 7. e4 cxd4 8. Nxd4
Bc5 9. Nb3 Nc6 10. Bf4 O-O 11. Bd3 e5 12. Bg5 h6 13. Bh4 Be7 14. O-O d6 15. Rad1
Nd7 16. Bxe7 Qxe7 17. Nd5 Qd8 18. Ne3 Nc5 19. Nf5 Qf6 20. Nc1 Rad8 21. Ne2 Ne6
22. Qd2 Rd7 23. Bc2 Rfd8 24. Ba4 Nc5 25. Bc2 Ne7 26. Nfg3 Qh4 27. Qe3 Ne6 28.
Rd2 Rc7 29. b3 Nf4 30. Rfd1 Rc6 31. Nc3 Qg5 32. Nb5 Nc8 33. Qf3 a6 34. Nc3 Ne7
35. Nd5 b5 36. Nb4 Rcc8 37. cxb5 axb5 38. Rxd6 Rxd6 39. Rxd6 Neg6 40. Nf5 Qxf5
41. exf5 Bxf3 42. gxf3 Nh4 43. Nc6 Nxf3+ 44. Kh1 Kf8 45. a4 bxa4 46. bxa4 Nd2
47. f6 gxf6 48. Bf5 Rc7 49. h4 Nc4 50. Rd8+ Kg7 51. Be4 f5 52. Bf3 e4 53. Nd4
exf3 54. Nxf3 Ne6 55. Rd5 Rc5 0-1

[Event "ch-European Rapid 2013"]
[Site "Warsaw POL"]
[Date "2013.12.14"]
[Round "7.21"]
[White "Grigoryan, Karen H."]
[Black "Setkauskas, Vaidas"]
[Result "1-0"]
[WhiteTitle "GM"]
[WhiteElo "2604"]
[BlackElo "2193"]
[WhiteFideId "13301004"]
[BlackFideId "12803936"]
[EventDate "2013.12.14"]

1. d4 d5 2. c4 e5 3. dxe5 d4 4. Nf3 Nc6 5. g3 Nge7 6. Bg2 Ng6 7. O-O Be6 8. Qb3
Qd7 9. Ng5 Na5 10. Qb5 Qxb5 11. cxb5 Nxe5 12. Nxe6 fxe6 13. b3 a6 14. Bb2 axb5
15. Bxd4 Nac6 16. Bb2 Rd8 17. Nc3 Rd2 18. Bc1 Rc2 19. Nxb5 Rxe2 20. Nxc7+ Kd7
21. Nb5 Bc5 22. Bf4 Ke7 23. Rac1 Bb6 24. Nc3 Nd4 25. Kh1 Nd3 26. Nxe2 Nxe2 27.
Rc2 1-0

[Event "ch-European Rapid 2013"]
[Site "Warsaw POL"]
[Date "2013.12.14"]
[Round "7.22"]
[White "Kantans, Toms"]
[Black "Stupak, Kirill"]
[Result "1-0"]
[WhiteTitle "FM"]
[BlackTitle "GM"]
[WhiteElo "2412"]
[BlackElo "2505"]
[WhiteFideId "11602945"]
[BlackFideId "13503758"]
[EventDate "2013.12.14"]

1. e4 c6 2. d4 d5 3. e5 c5 4. dxc5 Nc6 5. f4 e6 6. Be3 Nh6 7. c3 Nf5 8. Bf2 g5
9. Bd3 Nfe7 10. Nf3 gxf4 11. O-O Ng6 12. Qe2 Bg7 13. Bd4 O-O 14. b4 Bd7 15. b5
Nxd4 16. cxd4 a6 17. bxa6 b6 18. Rc1 Rc8 19. c6 Bxc6 20. Nc3 Qe7 21. a4 Qb4 22.
Nb5 Bd7 23. Rxc8 Rxc8 24. Nd6 Ra8 25. Bb5 Bxb5 26. Qxb5 Qa5 27. Qd7 Nh8 28. Ng5
Qc3 29. Rd1 h6 30. Qb7 Rxa6 31. Qxa6 Qe3+ 32. Kh1 hxg5 33. Qd3 f6 34. exf6 Bxf6
35. Nb5 g4 36. Nc7 Qe4 37. Qf1 Ng6 38. Re1 Qxd4 39. Nxe6 Qb4 40. Nc7 Qc4 41.
Qxc4 dxc4 42. Re6 Kf7 43. Rxb6 Ne7 44. Rb4 c3 45. Rxf4 Kg6 46. Rc4 Be5 47. a5
Kf5 48. a6 Bxc7 49. Rxc7 Nd5 50. Rc6 1-0

[Event "ch-European Rapid 2013"]
[Site "Warsaw POL"]
[Date "2013.12.14"]
[Round "7.23"]
[White "Olszewski, Michal"]
[Black "Skawinski, Arkadiusz"]
[Result "1-0"]
[WhiteTitle "GM"]
[BlackTitle "FM"]
[WhiteElo "2551"]
[BlackElo "2319"]
[WhiteFideId "1121251"]
[BlackFideId "1126415"]
[EventDate "2013.12.14"]

1. Nf3 d5 2. c4 c6 3. e3 Nf6 4. Nc3 e6 5. Qc2 Nbd7 6. b3 Bd6 7. Bb2 a6 8. h3 e5
9. g4 h6 10. g5 hxg5 11. Nxg5 Qe7 12. Rg1 b5 13. d3 Bb7 14. O-O-O c5 15. cxd5
Nxd5 16. Nxd5 Bxd5 17. Kb1 Kf8 18. f4 f6 19. Bg2 Bxg2 20. Qxg2 Rd8 21. Ne6+ 1-0

[Event "ch-European Rapid 2013"]
[Site "Warsaw POL"]
[Date "2013.12.14"]
[Round "7.24"]
[White "Kuraszkiewicz, Michael"]
[Black "Jakubowski, Krzysztof"]
[Result "1/2-1/2"]
[WhiteTitle "FM"]
[BlackTitle "GM"]
[WhiteElo "2324"]
[BlackElo "2527"]
[WhiteFideId "4618149"]
[BlackFideId "1112848"]
[EventDate "2013.12.14"]

1. d4 Nf6 2. c4 e6 3. Nc3 Bb4 4. e3 b6 5. Ne2 c5 6. a3 Ba5 7. Rb1 Na6 8. Bd2 Bb7
9. d5 exd5 10. cxd5 Bxc3 11. Nxc3 O-O 12. e4 Re8 13. f3 Nh5 14. g3 f5 15. Bd3
Qf6 16. Be3 Nc7 17. Bc4 d6 18. O-O f4 19. Bf2 fxg3 20. hxg3 Re5 21. g4 Rf8 22.
Be3 Nf4 23. Qd2 g5 24. b4 cxb4 25. axb4 h5 26. Ne2 hxg4 27. Nxf4 gxf4 28. Bd4 g3
29. Kg2 Rc8 30. Bb3 Nb5 31. Bb2 Ba6 32. Rh1 Na3 33. Ra1 Nc4 34. Bxc4 Bxc4 35.
Rac1 b5 36. Bxe5 dxe5 37. Rh5 Re8 38. Rch1 Re7 39. Rf5 Qb6 40. Rg5+ Kf7 41. Rh7+
Ke8 42. Rxe7+ Kxe7 43. Rxe5+ Kd7 44. Rf5 Qh6 45. Kg1 Qb6+ 1/2-1/2

[Event "ch-European Rapid 2013"]
[Site "Warsaw POL"]
[Date "2013.12.14"]
[Round "7.26"]
[White "Kanarek, Marcel"]
[Black "Snihur, Piotr"]
[Result "0-1"]
[WhiteTitle "IM"]
[WhiteElo "2473"]
[BlackElo "2133"]
[WhiteFideId "1126822"]
[BlackFideId "1157191"]
[EventDate "2013.12.14"]

1. e4 c5 2. Nf3 d6 3. d4 cxd4 4. Nxd4 Nf6 5. Nc3 a6 6. Bg5 e6 7. f4 h6 8. Bh4
Qb6 9. a3 Nbd7 10. Bf2 Qc7 11. Qe2 Be7 12. g4 g5 13. f5 Ne5 14. h3 Bd7 15. Nf3
Rc8 16. Nxe5 dxe5 17. Bg2 b5 18. O-O h5 19. Bf3 hxg4 20. Bxg4 a5 21. fxe6 fxe6
22. Nxb5 Qb7 23. c4 Nxg4 24. hxg4 Rxc4 25. Qxc4 Bxb5 26. Qc2 Bxf1 27. Rxf1 O-O
28. Be3 Rc8 29. Qf2 Qxe4 30. Qf7+ Kh8 31. Qh5+ Kg8 32. Qf7+ Kh8 33. Qh5+ Kg8 34.
Qf7+ Kh8 35. Rf3 Qxg4+ 36. Kh2 Rf8 37. Qxe7 Qxf3 38. Qxg5 Qe2+ 39. Kh1 Rf1+ 40.
Bg1 Qf3+ 41. Qg2 e4 42. Kh2 Qh5+ 43. Kg3 Rf3+ 0-1

[Event "ch-European Rapid 2013"]
[Site "Warsaw POL"]
[Date "2013.12.14"]
[Round "7.27"]
[White "Wadelek, Karol"]
[Black "Socko, Monika"]
[Result "0-1"]
[BlackTitle "GM"]
[WhiteElo "1850"]
[BlackElo "2440"]
[WhiteFideId "1176307"]
[BlackFideId "1106619"]
[EventDate "2013.12.14"]

1. e4 e6 2. d4 d5 3. Nc3 Nf6 4. Bg5 Bb4 5. e5 h6 6. Bh4 g5 7. exf6 gxh4 8. Qf3
Nd7 9. O-O-O Qxf6 10. Qe3 Bxc3 11. Qxc3 c5 12. Nf3 a6 13. Be2 b6 14. Rhe1 Bb7
15. Qe3 O-O-O 16. Qa3 Kc7 17. Kb1 Rhg8 18. Bf1 Rde8 19. Re3 e5 20. dxc5 Nxc5 21.
b4 Ne4 22. Bxa6 Ra8 23. b5 d4 24. Rb3 Nc5 25. c3 Bxf3 26. gxf3 Qxf3 27. Rc1 d3
28. Rb2 Rg2 29. Qb4 Rg4 30. Qa3 Ra4 0-1

[Event "ch-European Rapid 2013"]
[Site "Warsaw POL"]
[Date "2013.12.14"]
[Round "7.28"]
[White "Gaehwiler, Gabriel"]
[Black "Petrosian, Tigran L."]
[Result "0-1"]
[BlackTitle "GM"]
[WhiteElo "2327"]
[BlackElo "2648"]
[WhiteFideId "1314530"]
[BlackFideId "13301616"]
[EventDate "2013.12.14"]

1. e4 d6 2. d4 g6 3. Nc3 Bg7 4. f4 a6 5. a4 Nf6 6. Nf3 O-O 7. Bd3 Nc6 8. O-O e5
9. fxe5 dxe5 10. d5 Nd4 11. Nxe5 Nxd5 12. Nxd5 Bxe5 13. Bf4 Qd6 14. Bxe5 Qxe5
15. Qd2 Kg7 16. Qc3 Bd7 17. Rf2 Bc6 18. Ne3 Rad8 19. Ng4 Qg5 20. h3 h5 21. Nh2
Qe5 22. a5 Bd7 23. Nf1 Be6 24. Ne3 Nc6 25. Qd2 Qxb2 26. Raf1 Ne5 27. Nf5+ Bxf5
28. exf5 Nxd3 29. f6+ Kh7 30. Rf5 Qd4+ 31. Kh2 Rd5 32. cxd3 Rfd8 33. Qc1 Rxf5
34. Rxf5 Qxd3 35. Qxc7 Rd7 36. Rf3 Rxc7 37. Rxd3 g5 38. Rd6 Kg6 39. Rb6 h4 40.
Kg1 Rc5 41. Rxb7 Rxa5 42. Rb6 Ra2 43. Kh1 Kf5 44. Kh2 a5 45. Kh1 Ra1+ 46. Kh2 a4
47. Ra6 a3 48. Rb6 Rc1 49. Ra6 Rc3 50. Kh1 Ke5 51. Kh2 Kd5 52. Ra7 Ke6 53. Ra6+
Ke5 54. Kh1 Rc1+ 55. Kh2 Ra1 56. Rb6 a2 57. Ra6 Kf5 58. g3 hxg3+ 59. Kg2 Ke5 0-1

[Event "ch-European Rapid 2013"]
[Site "Warsaw POL"]
[Date "2013.12.14"]
[Round "7.30"]
[White "Toma, Katarzyna"]
[Black "Mista, Aleksander"]
[Result "0-1"]
[WhiteTitle "WGM"]
[BlackTitle "GM"]
[WhiteElo "2300"]
[BlackElo "2583"]
[WhiteFideId "1119907"]
[BlackFideId "1110381"]
[EventDate "2013.12.14"]

1. e4 e5 2. Nf3 Nc6 3. Bb5 a6 4. Ba4 Nf6 5. Qe2 b5 6. Bb3 Be7 7. O-O d6 8. h3
Na5 9. d4 Nxb3 10. axb3 Bb7 11. dxe5 Nxe4 12. Nc3 Nxc3 13. bxc3 dxe5 14. Qxe5
O-O 15. Nd4 Bf6 16. Qg3 Qd5 17. Be3 Rad8 18. Ne2 Rd6 19. Nf4 Qf5 20. Nd3 Bxc3
21. Bc5 Rg6 0-1

[Event "ch-European Rapid 2013"]
[Site "Warsaw POL"]
[Date "2013.12.14"]
[Round "7.31"]
[White "Dziuba, Marcin"]
[Black "Kukula, Pawel"]
[Result "1-0"]
[WhiteTitle "GM"]
[WhiteElo "2576"]
[BlackElo "2251"]
[WhiteFideId "1112953"]
[BlackFideId "1115081"]
[EventDate "2013.12.14"]

1. c4 e6 2. g3 f5 3. Bg2 Nf6 4. Nc3 Be7 5. d3 O-O 6. e4 fxe4 7. dxe4 d6 8. f4
Nc6 9. Nge2 a6 10. O-O Rb8 11. a4 Nb4 12. h3 c6 13. Be3 d5 14. e5 Ne8 15. cxd5
Nxd5 16. Nxd5 exd5 17. a5 g6 18. Ba7 Ra8 19. Bb6 Qd7 20. Nd4 Ng7 21. Qd3 Nf5 22.
g4 Nh4 23. Bh1 Kh8 24. Qc3 Kg8 25. Rae1 Qe8 26. Re3 Rf7 27. Rg3 Qf8 28. f5 c5
29. Bxd5 cxd4 30. Qc4 g5 31. f6 Bb4 32. Bxd4 Bd7 33. Rb3 Bb5 34. Qxb4 Bxf1 35.
Kxf1 Qxb4 36. Rxb4 Rd8 37. Bxf7+ Kxf7 38. Rxb7+ Ke6 39. Re7+ Kd5 40. f7 Ng6 41.
Re8 Rd7 42. e6 Rc7 43. Bf6 Rc2 44. f8=Q Nxf8 45. Rxf8 Kxe6 46. Bc3 1-0

[Event "ch-European Rapid 2013"]
[Site "Warsaw POL"]
[Date "2013.12.14"]
[Round "7.32"]
[White "Kostyra, Stanislaw"]
[Black "Gdanski, Jacek"]
[Result "0-1"]
[WhiteTitle "IM"]
[BlackTitle "GM"]
[WhiteElo "2270"]
[BlackElo "2506"]
[WhiteFideId "1100858"]
[BlackFideId "1100106"]
[EventDate "2013.12.14"]

1. d4 Nf6 2. Nf3 c5 3. dxc5 Qa5+ 4. Nc3 Qxc5 5. e4 d6 6. Be3 Qa5 7. Nd2 Nc6 8.
h3 g6 9. Be2 Bg7 10. Nb3 Qc7 11. Qd2 O-O 12. Bh6 Be6 13. Bxg7 Kxg7 14. Nd4 Nxd4
15. Qxd4 Rfc8 16. O-O Qc5 17. Rad1 Rab8 18. Qxc5 Rxc5 19. Rd4 Rbc8 20. Rfd1 g5
21. R1d2 h5 22. Kf1 h4 23. Ke1 Nd7 24. Kd1 Ne5 25. Nd5 Nc6 26. Rc4 Rxc4 27. Bxc4
Ne5 28. Be2 Bxd5 29. Rxd5 Rc6 30. Kd2 Kf6 31. c3 e6 32. Rd4 Ke7 33. Rb4 Rc7 34.
Ke3 Nc6 35. Rb5 Ne5 36. Rb4 Kf6 37. Rd4 Rc6 38. Rb4 b6 39. Rd4 Ke7 40. Bb5 Rc5
41. Be2 Kd7 42. Bf1 Kc7 43. Be2 Nc6 44. Rd1 Re5 45. f4 gxf4+ 46. Kxf4 Ne7 47.
Bf3 Ng6+ 48. Ke3 Rg5 49. Rd2 Ne5 50. Rf2 Rg3 51. b3 Kd8 52. Rd2 Ke7 53. Kf4 Nxf3
54. gxf3 Rxh3 55. Rf2 Rg3 56. Rh2 e5+ 57. Ke3 Rg1 58. c4 Re1+ 59. Kd2 Ra1 60.
Ke3 a5 61. Kd3 Rd1+ 62. Ke3 Ra1 63. Kd3 Kf6 64. Ke3 Kg5 65. Rg2+ Kh5 66. f4 h3
67. Rg8 Rxa2 68. Rh8+ Kg4 69. Rg8+ Kh4 70. Kf3 exf4 71. Rh8+ Kg5 72. Rg8+ Kf6
73. Kxf4 Rf2+ 74. Ke3 Rb2 75. Kd4 Rxb3 76. Rh8 a4 77. Rh6+ Kg7 0-1